000 01914 a2200289 4500
003 BJBSDDR
005 20240905123113.0
007 ta
008 240813s2020 sp 00| 0 spa d
020 _a9788417318956 (harcover)
020 _a841731895X (harcover)
040 _bspa
_cBJBSDDR
041 _aspa
050 1 4 _aPN 6728
_bE34m 2020
100 1 _aEid, Jean Paul,
_d1964-
_937933
245 1 0 _aMemoria /
_cJean-Paul Eid, Claude Paiement.
260 _aMadrid :
_bProyectos y Producciones Editoriales CYAN S.A.,
_c2020.
300 _a127 páginas :
_bilustraciones (blanco y negro y color) ;
_c30 cm.
500 _aEn la portada: Ponent Mon ; Catarata
520 _a¿Somos dueños de nuestra vida o solo el juguete de otras fuerzas? Un relato distópico sobre Memoria, un destino virtual para desatar nuestros impulsos más primarios. Benjamin Blake es un taxista que conoce muy bien la ciudad de Memoria. Un día, recoge a alguien que olvida en el asiento trasero del coche un maletín que cambiará su vida al entender que él y todos los ciudadanos de Memoria son extras en un mundo virtual. Esta ciudad que no existe, una Nueva York en la década de 1930, es ofrecida como destino por la compañía Brainstorm, un lugar que permite a los turistas satisfacer sus deseos más vergonzosos con la mayor impunidad. Pero detrás del escenario está la sombra de un monstruo digital. La reedición de Memoria, que cobra nueva vida veinte años después en un solo álbum, fue publicada originalmente en 1999 y nos presenta un tema que ha resistido la prueba del tiempo y fue publicado el mismo año del estreno de Matrix como Le naufragé de Memoria.
650 4 _aCiencia ficción
_xTiras cómicas, historietas, etc
_938308
650 4 _aTiras cómicas, historietas, etc.
_915076
650 4 _aDistopías
_934293
700 1 _aPaiement, Claude
_937934
942 _2lcc
_cBK
946 _irmza
999 _c121911
_d121911